000 00307nam a22001337a 4500
999 _c8030
_d8030
003 OSt
008 200619b ||||| |||| 00| 0 eng d
020 _a9781408128817
082 _a724
_bLEE
100 _aLees, Stephen
245 _aVisions of architecture
260 _aLondon
_bA&C Black
_c2011
942 _2ddc